[Event "South America-ch U12 16th"]
[Site "Buenos Aires"]
[Date "2019.12.03"]
[Round "4.9"]
[White "Milano, Ivan"]
[Black "Najurieta Cano, Tiziano"]
[Result "1-0"]
[WhiteElo "1627"]
[BlackElo "1372"]
[PlyCount "77"]
[EventDate "2019.12.01"]
[EventType "swiss"]
[EventRounds "9"]
[EventCountry "ARG"]
[SourceTitle "EXT 2024"]
[Source "ChessBase"]
[SourceDate "2023.10.10"]
[SourceVersion "1"]
[SourceVersionDate "2023.10.10"]
[SourceQuality "1"]

1. Nf3 Nf6 2. g3 g6 3. Bg2 Bg7 4. 0-0 0-0 5. d3 d5 6. Nbd2 c5 7. e4 d4 8. a4 Nc6 9. Nc4 Bg4 10. h3 Be6 11. b3 Rc8 12. Ng5 a6 13. Nxe6 fxe6 14. a5 Nd7 15. f4 Nb4 16. e5 b5 17. axb6 Nxb6 18. Nxb6 Qxb6 19. Be4 Nd5 20. Bd2 Bh6 21. Qg4 Ne3 22. Bxe3 dxe3 23. Kg2 Qb4 24. Rae1 Qc3 25. Re2 Kh8 26. h4 Rg8 27. Qxe6 Rcf8 28. Qxe7 Bg7 29. Qe6 Bh6 30. Qc4 Qa5 31. Bd5 Rg7 32. Qe4 Qd8 33. Bc4 Rf5 34. Qxe3 Qf8 35. Ref2 Re7 36. Qxc5 Qa8+ 37. Qd5 Qf8 38. Qe4 Qd8 39. d4 1-0

[Event "ARG-ch U12"]
[Site "Buenos Aires"]
[Date "2019.03.03"]
[Round "6.4"]
[White "Najurieta Cano, Tiziano"]
[Black "Suarez, Laureano"]
[Result "1/2-1/2"]
[WhiteElo "1478"]
[BlackElo "1408"]
[PlyCount "62"]
[EventDate "2019.03.01"]
[EventType "swiss"]
[EventRounds "9"]
[EventCountry "ARG"]
[SourceTitle "EXT 2024"]
[Source "ChessBase"]
[SourceDate "2023.10.10"]
[SourceVersion "1"]
[SourceVersionDate "2023.10.10"]
[SourceQuality "1"]

1. d4 d5 2. c4 e6 3. Nc3 Nf6 4. cxd5 exd5 5. Bg5 Be7 6. e3 c6 7. Bd3 Nbd7 8. Nge2 0-0 9. 0-0 Re8 10. Qc2 Nf8 11. f3 Ng6 12. e4 dxe4 13. fxe4 Be6 14. e5 Nd5 15. Bxe7 Qxe7 16. Nxd5 Bxd5 17. Nf4 Nf8 18. Nxd5 cxd5 19. Qb3 Red8 20. Rac1 Ne6 21. Qd1 h6 22. Bf5 Qg5 23. Bxe6 fxe6 24. Rf3 Rac8 25. Rcc3 Rf8 26. h3 Qd8 27. Qc2 Rxc3 28. Rxf8+ Kxf8 29. Qxc3 Kg8 30. Qc5 b6 31. Qc6 Qe7 1/2-1/2

[Event "ARG-ch U12"]
[Site "Villa Martelli"]
[Date "2018.02.10"]
[Round "3.3"]
[White "Najurieta Cano, Tiziano"]
[Black "Gandolfo, Luca"]
[Result "1-0"]
[WhiteElo "1365"]
[BlackElo "1328"]
[PlyCount "39"]
[EventDate "2018.02.09"]
[EventType "swiss"]
[EventRounds "9"]
[EventCountry "ARG"]
[SourceTitle "EXT 2024"]
[Source "ChessBase"]
[SourceDate "2023.10.10"]
[SourceVersion "1"]
[SourceVersionDate "2023.10.10"]
[SourceQuality "1"]

1. d4 d5 2. c4 c6 3. Nf3 Nf6 4. e3 Bf5 5. Nc3 dxc4 6. Bxc4 e6 7. Nh4 Bg6 8. Qb3 Qc7 9. Nxg6 hxg6 10. h3 Nbd7 11. Bd2 b5 12. Be2 a5 13. Bf3 Nd5 14. Nxd5 exd5 15. Rc1 Qb7 16. 0-0 Nb6 17. e4 Nc4 18. exd5 cxd5 19. Rxc4 a4 20. Qe3+ 1-0

[Event "South American-ch U10"]
[Site "Santiago de Chile"]
[Date "2016.12.04"]
[Round "5.11"]
[White "Murillo Coloma, Sergio Andres"]
[Black "Najurieta Cano, Tiziano"]
[Result "0-1"]
[WhiteElo "1289"]
[BlackElo "1355"]
[PlyCount "79"]
[EventDate "2016.12.01"]
[EventType "swiss"]
[EventRounds "9"]
[EventCountry "CHI"]
[SourceTitle "EXT 2022"]
[Source "ChessBase"]
[SourceDate "2021.10.06"]
[SourceVersion "1"]
[SourceVersionDate "2021.10.06"]
[SourceQuality "1"]

1. e4 c5 2. Nf3 d6 3. d4 cxd4 4. Nxd4 Nf6 5. Nc3 g6 6. f3 Bg7 7. Be3 0-0 8. Qd2 Nc6 9. 0-0-0 Bd7 10. Bc4 Rc8 11. Bb3 a6 12. h4 h5 13. Bh6 Nxd4 14. Bxg7 Nxb3+ 15. axb3 Kxg7 16. f4 Qa5 17. Rde1 Bc6 18. Kb1 Qd8 19. f5 Qd7 20. fxg6 fxg6 21. Nd5 Bxd5 22. exd5 Rfe8 23. Rh3 Rc5 24. c4 Qf5+ 25. Kc1 Qxd5 26. Qc2 Qc6 27. Rg3 Ng4 28. Re6 Rf5 29. Rf3 Qc5 30. Re1 Rxf3 31. gxf3 Nh6 32. b4 Qf5 33. Qg2 Qf4+ 34. Kb1 Qxc4 35. Rg1 Qd3+ 36. Ka1 Rf8 37. Qg3 Rf5 38. Qe1 e5 39. Rg3 Qc2 40. Rg1 0-1

[Event "South American-ch U10"]
[Site "Santiago de Chile"]
[Date "2016.12.04"]
[Round "6.7"]
[White "Najurieta Cano, Tiziano"]
[Black "Campos, Cristian"]
[Result "0-1"]
[WhiteElo "1355"]
[BlackElo "1528"]
[PlyCount "26"]
[EventDate "2016.12.01"]
[EventType "swiss"]
[EventRounds "9"]
[EventCountry "CHI"]
[SourceTitle "EXT 2022"]
[Source "ChessBase"]
[SourceDate "2021.10.06"]
[SourceVersion "1"]
[SourceVersionDate "2021.10.06"]
[SourceQuality "1"]

1. d4 Nf6 2. c4 g6 3. Nc3 Bg7 4. e4 d6 5. f4 0-0 6. Nf3 c5 7. d5 e6 8. dxe6 fxe6 9. Bd3 Nc6 10. 0-0 Qe7 11. h3 Nh5 12. Nh2 Bd4+ 13. Kh1 Ng3# 0-1

[Event "San Luis Don Lucero Cup 1st"]
[Site "San Luis"]
[Date "2016.01.16"]
[Round "4"]
[White "Najurieta Cano, Tiziano"]
[Black "Tejada, Gonzalo"]
[Result "0-1"]
[WhiteElo "1304"]
[BlackElo "1345"]
[PlyCount "87"]
[EventDate "2016.01.15"]
[EventType "swiss"]
[EventRounds "6"]
[EventCountry "ARG"]
[SourceTitle "EXT 2017"]
[Source "ChessBase"]
[SourceDate "2016.10.25"]
[SourceVersion "1"]
[SourceVersionDate "2016.10.25"]
[SourceQuality "1"]

1. d4 Nf6 2. c4 g6 3. Nc3 d5 4. cxd5 Nxd5 5. e4 Nxc3 6. bxc3 c5 7. Nf3 Bg7 8. Bd3 0-0 9. 0-0 Nc6 10. d5 Bxc3 11. Rb1 Nb4 12. Qb3 Bg7 13. Bb2 Nxd3 14. Qxd3 Qa5 15. Bxg7 Kxg7 16. Qb5 Qc7 17. Rbc1 b6 18. Qb2+ Kg8 19. Qe5 Qd7 20. Rfd1 Rd8 21. Rc2 f6 22. Qf4 e5 23. Qe3 Qa4 24. Qd3 Ba6 25. Qb3 Qxe4 26. d6+ Kg7 27. Rcd2 Be2 28. Re1 Qc4 29. Qxc4 Bxc4 30. Rc1 Be6 31. Kf1 Rd7 32. Ke2 Rad8 33. Rcd1 Kf7 34. h3 Bc4+ 35. Ke3 Ke6 36. Ne1 Rxd6 37. Rxd6+ Rxd6 38. Rxd6+ Kxd6 39. Kd2 Bxa2 40. Kc3 b5 41. Kb2 Bd5 42. Kc3 a6 43. g4 a5 44. Nc2 0-1